| 000 | 00391nam a22001571c 4500 | ||
|---|---|---|---|
| 001 | a987658525 | ||
| 008 | 070827s1990 gw |||| 000u rus d | ||
| 041 | _arus | ||
| 100 | 1 | _aGoldenberg, Leonid A. | |
| 245 | 0 | 0 | _aPetrovskie geodezisty i pervyj pečatnyj plan Moskvy |
| 264 |
_aMoskva : _bNedra, _c1990 |
||
| 300 | _a160 S. | ||
| 942 | _cMG | ||
| 040 | _cRU-10907106 | ||
| 003 | RU-10907106 | ||
| 999 |
_c13373 _d13373 |
||